[Event "National Women's Championship 2014"]
[Site "Kingston"]
[Date "2014.04.06"]
[Round "1.1"]
[White "GRAY, Krishna"]
[Black "SMITH, Melisha"]
[Result "1-0"]
[WhiteElo "1717"]
[BlackElo "1750"]
[PlyCount "129"]
[EventDate "2014.04.06"]
[EventRounds "10"]
[EventCountry "JAM"]

1. Nf3 d5 2. b3 Nf6 3. Bb2 e6 4. e3 Be7 5. d4 O-O 6. Bd3 h6 7. Nbd2 c5 8. O-O
Nc6 9. a3 cxd4 10. Nxd4 Nxd4 11. Bxd4 Nd7 12. f4 Bf6 13. Rf3 Bxd4 14. exd4 Qb6
15. c3 e5 16. fxe5 Nxe5 17. Rg3 Nxd3 18. Rxd3 Bf5 19. Re3 Rfe8 20. Qe2 Rxe3 21.
Qxe3 Be6 22. Rf1 Rc8 23. Rf3 Qa6 24. a4 Re8 25. Qf2 Qc6 26. Re3 b5 27. axb5
Qxb5 28. Rg3 Rc8 29. Qf6 g6 30. Rxg6+ Kf8 31. Rxh6 Ke8 32. Rh8+ Kd7 33. Rxc8
Kxc8 34. Qf1 Qc6 35. Qd3 Qd6 36. b4 Qf4 37. Nf3 Qc1+ 38. Kf2 Qf4 39. Qe3 Qf5
40. Qe2 Kb7 41. h3 Kb6 42. g4 Qh7 43. Kg3 Qb1 44. Ng5 Qg6 45. h4 Bd7 46. Qf3
Be6 47. Nh3 Kb5 48. Nf4 Qf6 49. Nxe6 Qxe6 50. Qf1+ Kb6 51. g5 Qe3+ 52. Qf3 Qe1+
53. Kg4 Qe6+ 54. Kf4 a6 55. h5 Kb5 56. Qd3+ Ka4 57. h6 Qd6+ 58. Kf3 Qe6 59. Kf2
Qg4 60. h7 Qh4+ 61. Ke2 Qg4+ 62. Qf3 Qe6+ 63. Kd2 Qc8 64. Qxd5 Ka3 65. Kc2 1-0

[Event "National Women's Championship 2014"]
[Site "Kingston"]
[Date "2014.04.06"]
[Round "1.2"]
[White "MILLER, Rachel"]
[Black "SMITH, Annesha"]
[Result "1-0"]
[WhiteElo "1750"]
[BlackElo "1797"]
[PlyCount "75"]
[EventDate "2014.04.06"]
[EventRounds "10"]
[EventCountry "JAM"]

1. e4 c5 2. Nc3 e6 3. Nf3 Nc6 4. d4 cxd4 5. Nxd4 d6 6. Be3 Nf6 7. Nb3 a6 8. f4
b5 9. a3 Bb7 10. Bd3 Be7 11. O-O O-O 12. Kh1 b4 13. axb4 Nxb4 14. Na5 Qc7 15.
Nxb7 Qxb7 16. e5 Nxd3 17. Qxd3 dxe5 18. fxe5 Nd5 19. Nxd5 Qxd5 20. Qxd5 exd5
21. Ra5 Rfd8 22. c3 Rab8 23. b4 f6 24. Bd4 fxe5 25. Bxe5 Bd6 26. Rxd5 Bxe5 27.
Rxe5 Rbc8 28. Re3 Rc6 29. h3 h6 30. Kh2 Rd2 31. h4 Rg6 32. Rg3 Rxg3 33. Kxg3
Rd3+ 34. Rf3 Rd6 35. Kf4 Kf7 36. Ke5+ Ke7 37. Rf7+ Kxf7 38. Kxd6 1-0

[Event "National Women's Championship 2014"]
[Site "Kingston"]
[Date "2014.04.12"]
[Round "2.1"]
[White "SMITH, Melisha"]
[Black "MILLER, Rachel"]
[Result "1-0"]
[WhiteElo "1750"]
[BlackElo "1750"]
[PlyCount "149"]
[EventDate "2014.04.06"]
[EventRounds "10"]
[EventCountry "JAM"]

1. c4 c5 2. Nc3 Nf6 3. g3 Nc6 4. Bg2 b6 5. Nf3 Bb7 6. O-O g6 7. d3 Bg7 8. a3
O-O 9. Rb1 Nh5 10. Bd2 Nd4 11. Qc1 Nb3 12. Qd1 Nxd2 13. Qxd2 Nf6 14. b4 Bc6 15.
b5 Bb7 16. Ne5 Bxg2 17. Kxg2 Qc7 18. Nf3 Rfd8 19. Rfd1 d5 20. cxd5 Nxd5 21.
Nxd5 Rxd5 22. Qa2 Rad8 23. Qc4 Qd7 24. a4 Rh5 25. h4 Rd5 26. Rh1 h5 27. Rbc1
Bf6 28. Rc2 Bg7 29. Ng5 e6 30. Nf3 Bh6 31. g4 hxg4 32. Qxg4 Rh5 33. Rc4 Qe7 34.
Rh3 Bg7 35. Ng5 Rd5 36. f4 Bh6 37. Re3 Bxg5 38. hxg5 Kg7 39. Kf3 Rd8 40. Rc1
Rdh8 41. Rg1 Qb7+ 42. Kf2 Qd5 43. Qf3 Rh2+ 44. Rg2 Rh1 45. Qe4 Ra1 46. Rg1 Ra2
47. Kg2 Rxa4 48. Qxd5 exd5 49. Rb1 Rxf4 50. Kg3 Rf5 51. Ra1 Rxg5+ 52. Kf4 Rf5+
53. Kg3 Kf6 54. Rxa7 Re5 55. Rxe5 Kxe5 56. Rxf7 Rh6 57. Re7+ Kd4 58. Re6 c4 59.
dxc4 dxc4 60. Rxb6 Kc5 61. Rb8 Rh7 62. b6 Rg7 63. b7 Rc7 64. Rc8 Kb6 65. b8=Q+
Rb7 66. Qxb7+ Kxb7 67. Rxc4 Kb6 68. e4 Kb5 69. Rc1 g5 70. e5 g4 71. e6 Kb6 72.
e7 Kb7 73. e8=Q Ka7 74. Qb5 Ka8 75. Ra1# 1-0

[Event "National Women's Championship 2014"]
[Site "Kingston"]
[Date "2014.04.12"]
[Round "2.2"]
[White "BARRETT, Ariel"]
[Black "GRAY, Krishna"]
[Result "1/2-1/2"]
[WhiteElo "1754"]
[BlackElo "1717"]
[PlyCount "68"]
[EventDate "2014.04.06"]
[EventRounds "10"]
[EventCountry "JAM"]

1. e4 d5 2. exd5 Qxd5 3. d4 Nf6 4. Nf3 a6 5. Be2 e6 6. O-O b5 7. c4 Qf5 8. Nh4
Qe4 9. Bf3 Qxh4 10. Bxa8 c6 11. cxb5 axb5 12. Qf3 Nd5 13. Rd1 Qd8 14. Bf4 Bd6
15. Bxd6 Qxd6 16. Qa3 Qxa3 17. Nxa3 Nb6 18. Bxc6+ Nxc6 19. Rac1 Bb7 20. Nxb5
Ke7 21. a3 Rd8 22. b4 Rd5 23. Rc5 Rd8 24. f3 Na4 25. Rg5 g6 26. f4 f6 27. Rg3
Rd5 28. Nc3 Nxc3 29. Rxc3 Kd8 30. Rcd3 Ba6 31. R3d2 Bb5 32. Kf2 Ba4 33. Re1 e5
34. fxe5 fxe5 1/2-1/2

[Event "National Women's Championship 2014"]
[Site "Kingston"]
[Date "2014.04.13"]
[Round "3.1"]
[White "MILLER, Rachel"]
[Black "BARRETT, Ariel"]
[Result "1-0"]
[WhiteElo "1750"]
[BlackElo "1754"]
[PlyCount "83"]
[EventDate "2014.04.06"]
[EventRounds "10"]
[EventCountry "JAM"]

1. e4 e5 2. Nf3 Nc6 3. Bc4 Bc5 4. c3 d6 5. d4 exd4 6. cxd4 Bb4+ 7. Bd2 Bxd2+ 8.
Nbxd2 Nf6 9. O-O O-O 10. h3 Nxe4 11. Nxe4 d5 12. Bd3 dxe4 13. Bxe4 Qd6 14. Rc1
Ne7 15. Re1 c6 16. Qc2 f5 17. Bd3 Be6 18. Re2 Rae8 19. Rce1 Nd5 20. a3 Nf4 21.
Re5 Nxd3 22. Qxd3 Qd7 23. Rxe6 Rxe6 24. Qb3 Kf7 25. Rxe6 Qd5 26. Qxd5 cxd5 27.
Ng5+ Kg8 28. Re7 h6 29. Nf3 Rf7 30. Rxf7 Kxf7 31. Kf1 Ke6 32. Ke2 g5 33. g4 Kf6
34. Ne5 fxg4 35. hxg4 Ke7 36. Kd3 Ke6 37. Kc3 b6 38. Kb4 a6 39. a4 Ke7 40. a5
b5 41. Kc5 Ke6 42. b4 1-0

[Event "National Women's Championship 2014"]
[Site "Kingston"]
[Date "2014.04.13"]
[Round "3.2"]
[White "SMITH, Annesha"]
[Black "SMITH, Melisha"]
[Result "1-0"]
[WhiteElo "1797"]
[BlackElo "1750"]
[PlyCount "65"]
[EventDate "2014.04.06"]
[EventRounds "10"]
[EventCountry "JAM"]

1. d4 d5 2. c4 c6 3. Nc3 e6 4. Nf3 f5 5. Bf4 Bd6 6. Ne5 Nf6 7. e3 O-O 8. Bd3
Be7 9. Qf3 Qe8 10. Be2 Nbd7 11. Qg3 Nh5 12. Bxh5 Qxh5 13. c5 Kh8 14. Qf3 Qe8
15. h4 Nf6 16. h5 Ne4 17. Ng6+ Kg8 18. Nxf8 Qxf8 19. Nxe4 fxe4 20. Qg3 Bf6 21.
Bg5 Bxg5 22. Qxg5 Bd7 23. Rh4 h6 24. Qe5 Qe7 25. Rf4 Be8 26. Ke2 Rd8 27. Rh1
Rd7 28. Rh3 Qd8 29. b4 Re7 30. Rg3 a5 31. Rfg4 Qc7 32. Rxg7+ Kf8 33. Rg8+ 1-0

[Event "National Women's Championship 2014"]
[Site "Kingston"]
[Date "2014.04.25"]
[Round "4.1"]
[White "BARRETT, Ariel"]
[Black "SMITH, Annesha"]
[Result "0-1"]
[WhiteElo "1754"]
[BlackElo "1797"]
[PlyCount "100"]
[EventDate "2014.04.06"]
[EventRounds "10"]
[EventCountry "JAM"]

1. e4 c5 2. Nf3 Nc6 3. d4 cxd4 4. Nxd4 d6 5. Nc3 Nf6 6. Be3 Ng4 7. Bg5 Qb6 8.
Bb5 Bd7 9. Bxc6 bxc6 10. O-O Qxb2 11. Bd2 Qb7 12. Rb1 Qc7 13. f4 g6 14. h3 Nf6
15. Qf3 e6 16. e5 Nd5 17. Nxd5 cxd5 18. Kh1 Be7 19. exd6 Bxd6 20. c3 O-O 21. h4
Qd8 22. g3 Rb8 23. h5 Kg7 24. Kg2 h6 25. Nb3 Qf6 26. Be3 Qf5 27. hxg6 fxg6 28.
Bxa7 Ra8 29. Bd4+ Kh7 30. Rb2 e5 31. fxe5 Qh3+ 32. Kg1 Rxf3 33. Rxf3 Ba3 34.
Rf7+ Kg8 35. Rbf2 Qxg3+ 36. Kh1 Bf5 37. R7xf5 gxf5 38. Rg2 Qxg2+ 39. Kxg2 Kf7
40. Kf3 Ke6 41. Kf4 Be7 42. Nc5+ Bxc5 43. Bxc5 Rxa2 44. Bd4 Rg2 45. Kf3 Rg8 46.
Be3 h5 47. Bf4 h4 48. Bh2 Rg4 49. Ke3 Re4+ 50. Kf3 Rc4 0-1

[Event "National Women's Championship 2014"]
[Site "Kingston"]
[Date "2014.04.25"]
[Round "4.2"]
[White "GRAY, Krishna"]
[Black "MILLER, Rachel"]
[Result "0-1"]
[WhiteElo "1717"]
[BlackElo "1750"]
[PlyCount "80"]
[EventDate "2014.04.06"]
[EventRounds "10"]
[EventCountry "JAM"]

1. e4 e5 2. Nf3 Nc6 3. Bc4 Bc5 4. b4 Bxb4 5. c3 Be7 6. d4 Na5 7. Qa4 Nxc4 8.
Qxc4 d5 9. exd5 Nf6 10. Nxe5 O-O 11. O-O Nxd5 12. Re1 Be6 13. Qd3 c5 14. Ba3
cxd4 15. Bxe7 Nxe7 16. cxd4 Nd5 17. a3 Rc8 18. Qd2 Qb6 19. Ra2 Rfd8 20. Rb2 Qc7
21. a4 b6 22. Na3 a5 23. Rc2 Qb7 24. Rec1 Nb4 25. Rxc8 Rxc8 26. Nb5 Qb8 27. h3
f6 28. Nf3 Bb3 29. Rxc8+ Qxc8 30. Qe3 Bxa4 31. Nd6 Qd7 32. Qa3 Bc6 33. Qb3+ Bd5
34. Nc4 Qf7 35. Nfd2 b5 36. Nd6 Bxb3 37. Nxf7 Bxf7 38. Kf1 Nc2 39. Ke2 Nxd4+
40. Kd3 Nb3 0-1

[Event "National Women's Championship 2014"]
[Site "Kingston"]
[Date "2014.04.26"]
[Round "5.1"]
[White "SMITH, Annesha"]
[Black "GRAY, Krishna"]
[Result "0-1"]
[WhiteElo "1797"]
[BlackElo "1717"]
[PlyCount "48"]
[EventDate "2014.04.06"]
[EventRounds "10"]
[EventCountry "JAM"]

1. d4 Nf6 2. Nf3 d5 3. e3 e6 4. c4 Be7 5. Nc3 c6 6. Qc2 Nbd7 7. Bd3 dxc4 8.
Bxc4 Nb6 9. Bd3 c5 10. dxc5 Bxc5 11. a3 Bd7 12. Ne5 Rc8 13. Nxd7 Nbxd7 14. Qe2
O-O 15. Ne4 Be7 16. O-O Nc5 17. Nxc5 Rxc5 18. b4 Rh5 19. e4 Qc7 20. f4 e5 21.
f5 Rd8 22. Bd2 Qd7 23. Bc4 Qxd2 24. Qf3 Qd4+ 0-1

[Event "National Women's Championship 2014"]
[Site "Kingston"]
[Date "2014.04.26"]
[Round "5.2"]
[White "SMITH, Melisha"]
[Black "BARRETT, Ariel"]
[Result "1-0"]
[WhiteElo "1750"]
[BlackElo "1754"]
[PlyCount "109"]
[EventDate "2014.04.06"]
[EventRounds "10"]
[EventCountry "JAM"]

1. d4 d5 2. Nf3 e6 3. Bf4 Nf6 4. e3 Be7 5. Nbd2 O-O 6. Bd3 c5 7. c3 Nbd7 8. O-O
b6 9. Ne5 Bb7 10. Qf3 Nxe5 11. Bxe5 Nd7 12. Qh3 g6 13. f4 c4 14. Bc2 b5 15. Rf3
Re8 16. Bxg6 fxg6 17. Qxe6+ Kf8 18. f5 Nxe5 19. dxe5 Bf6 20. Qxf6+ Qxf6 21.
exf6 d4 22. Rh3 dxe3 23. Nf3 e2 24. Kf2 Bxf3 25. gxf3 Rad8 26. Re1 Rd2 27. fxg6
hxg6 28. Rh8+ Kf7 29. Rxe8 Kxe8 30. Rxe2+ Rxe2+ 31. Kxe2 Kf7 32. Ke3 Kxf6 33.
h4 Kf5 34. b4 Ke5 35. f4+ Kf5 36. Kf3 a6 37. a3 Ke6 38. Kg3 Kd5 39. Kf3 Ke6 40.
Kg3 Kd5 41. Kg4 Ke4 42. Kg5 Kd3 43. f5 gxf5 44. h5 Kxc3 45. h6 Kd2 46. h7 c3
47. h8=Q c2 48. Qd4+ Ke1 49. Qc3+ Kd1 50. Qd3+ Kc1 51. Kxf5 Kb2 52. Qd4+ Kb3
53. Qa1 Kc4 54. Ke4 Kb3 55. Kd3 1-0

[Event "National Women's Championship 2014"]
[Site "Kingston"]
[Date "2014.04.27"]
[Round "6.1"]
[White "SMITH, Melisha"]
[Black "GRAY, Krishna"]
[Result "1-0"]
[WhiteElo "1750"]
[BlackElo "1717"]
[PlyCount "141"]
[EventDate "2014.04.06"]
[EventRounds "10"]
[EventCountry "JAM"]

1. c4 Nf6 2. Nc3 e5 3. g3 Nc6 4. Bg2 g6 5. Nf3 Bg7 6. d3 d6 7. O-O Bg4 8. Bg5
Qd7 9. Rb1 O-O 10. Qd2 Bh3 11. Bh6 Rfe8 12. Bxg7 Kxg7 13. Ng5 Bxg2 14. Kxg2 d5
15. cxd5 Nxd5 16. Nge4 Rad8 17. h4 h5 18. Kh2 b6 19. Qg5 Qe7 20. Rbc1 Nd4 21.
Rfe1 Nb4 22. Qd2 c5 23. Kg2 Qd7 24. Qg5 Qf5 25. Qxf5 Nxf5 26. Nb5 Rd7 27. a3
Nc6 28. b3 Ncd4 29. Nxd4 Rxd4 30. Nc3 a6 31. Na4 Rd6 32. Rc2 Nd4 33. Rb2 f6 34.
b4 cxb4 35. axb4 Rc8 36. Reb1 Rdc6 37. e3 Nb5 38. Rb3 Nd6 39. Nb2 b5 40. Nd1
Nf5 41. Ra1 Kf7 42. Raa3 R8c7 43. Nc3 Nd6 44. Kf3 Ke6 45. Ne4 Nxe4 46. Kxe4 Rd6
47. Ra2 Rcd7 48. Kf3 Ke7 49. Ke2 Kd8 50. Rba3 Ra7 51. Rc2 Rc7 52. Rc5 Kd7 53.
Rac3 Rcc6 54. Rc2 Kc7 55. d4 exd4 56. exd4 Kd7 57. d5 Rxc5 58. Rxc5 Rb6 59. Kd3
Kd6 60. Kd4 Kd7 61. f3 Rd6 62. g4 hxg4 63. fxg4 Rb6 64. g5 f5 65. Ke5 Rd6 66.
Rc3 Rb6 67. Rc5 Rd6 68. h5 gxh5 69. Rc6 Rxc6 70. dxc6+ Kxc6 71. g6 1-0

[Event "National Women's Championship 2014"]
[Site "Kingston"]
[Date "2014.04.27"]
[Round "6.2"]
[White "SMITH, Annesha"]
[Black "MILLER, Rachel"]
[Result "0-1"]
[WhiteElo "1797"]
[BlackElo "1750"]
[PlyCount "66"]
[EventDate "2014.04.06"]
[EventRounds "10"]
[EventCountry "JAM"]

1. d4 Nf6 2. Nf3 c5 3. c3 b6 4. Bf4 Bb7 5. e3 d6 6. Bc4 cxd4 7. cxd4 e6 8. O-O
Be7 9. Nbd2 Nh5 10. Bg3 O-O 11. e4 Nxg3 12. fxg3 d5 13. exd5 Bxd5 14. Bxd5 Qxd5
15. Nb3 Nc6 16. Qe2 Bf6 17. Rfd1 Rfd8 18. Kh1 a5 19. Nbd2 Nxd4 20. Nxd4 Qxd4
21. Qf3 Qxb2 22. Ne4 Qe5 23. Rab1 Rab8 24. h3 Rxd1+ 25. Rxd1 b5 26. Rd7 h6 27.
Nd6 Qd5 28. Qxd5 exd5 29. Nxf7 a4 30. Nd6 b4 31. Nf5 b3 32. axb3 axb3 33. Rxd5
b2 0-1

[Event "National Women's Championship 2014"]
[Site "Kingston"]
[Date "2014.05.02"]
[Round "7.1"]
[White "MILLER, Rachel"]
[Black "SMITH, Melisha"]
[Result "1/2-1/2"]
[WhiteElo "1750"]
[BlackElo "1750"]
[PlyCount "161"]
[EventDate "2014.04.06"]
[EventRounds "10"]
[EventCountry "JAM"]

1. e4 c6 2. d4 d5 3. exd5 cxd5 4. Bd3 Nf6 5. c3 e6 6. Bf4 Be7 7. h3 a6 8. Nf3
Nc6 9. O-O b5 10. Nbd2 O-O 11. Ne5 Bb7 12. Re1 b4 13. Ng4 bxc3 14. Nxf6+ Bxf6
15. bxc3 a5 16. Nb3 Ba6 17. Bxa6 Rxa6 18. Nc5 Ra7 19. Rb1 Re8 20. Nb7 Qd7 21.
Nd6 Rf8 22. Nb5 Rb7 23. a4 Ne7 24. Qd3 Ng6 25. Bg3 Be7 26. Qe2 Rc8 27. Rb2 Rc4
28. Qc2 h6 29. Reb1 Qc6 30. Qd1 Qd7 31. Kf1 Nh4 32. Kg1 Nf5 33. Bf4 Qc6 34. Be5
Nh4 35. Bg3 Nf5 36. Be5 Nh4 37. Bf4 Ng6 38. Bg3 Qd7 39. Kh1 Nh4 40. Be5 Ng6 41.
Bg3 Qc6 42. Kg1 Nf8 43. Bh2 Nd7 44. Bc7 Rxc7 45. Nxc7 Qxc7 46. Rb7 Qc6 47. Qb3
Rxc3 48. Qb5 Rc1+ 49. Rxc1 Qxc1+ 50. Qf1 Qc8 51. Qb1 Bb4 52. Rb5 Nf6 53. Kh2
Ne4 54. Qb2 Qc7+ 55. g3 Nc3 56. Rxb4 axb4 57. Qxb4 Qc6 58. a5 Nb5 59. Kg1 g5
60. Kh2 Kg7 61. Kg1 h5 62. g4 hxg4 63. hxg4 Kf6 64. Kg2 Qc4 65. Qf8 Qxd4 66.
Qd8+ Kg6 67. Qg8+ Qg7 68. Qb8 Qd4 69. Qxb5 Qxg4+ 70. Kf1 Qd1+ 71. Kg2 d4 72. a6
d3 73. a7 Qg4+ 74. Kf1 Qe2+ 75. Kg2 Qe4+ 76. f3 Qe2+ 77. Kg3 Qe1+ 78. Kg2 Qe2+
79. Kg3 Qe1+ 80. Kg2 Qe2+ 81. Kg3 1/2-1/2

[Event "National Women's Championship 2014"]
[Site "Kingston"]
[Date "2014.05.02"]
[Round "7.2"]
[White "GRAY, Krishna"]
[Black "BARRETT, Ariel"]
[Result "1-0"]
[WhiteElo "1717"]
[BlackElo "1754"]
[PlyCount "89"]
[EventDate "2014.04.06"]
[EventRounds "10"]
[EventCountry "JAM"]

1. d4 e6 2. Nf3 d5 3. e3 Nf6 4. Bd3 Nbd7 5. Nbd2 Bd6 6. O-O e5 7. e4 dxe4 8.
Nxe4 Nxe4 9. Bxe4 O-O 10. Re1 exd4 11. Nxd4 Qh4 12. Nf3 Qh5 13. Qd5 Qxd5 14.
Bxd5 Nf6 15. Bc4 Bg4 16. Ne5 Rae8 17. Bf4 Be6 18. Bd3 Nh5 19. Bd2 Bd5 20. Nc4
Bc5 21. Ne3 Bc6 22. Ng4 Bd6 23. Bc3 Nf4 24. Bf1 h5 25. Ne5 Bxe5 26. Bxe5 Ng6
27. Bxc7 Rc8 28. Ba5 b6 29. Bc3 Nf4 30. g3 Ne6 31. Re5 g6 32. Rae1 Rfd8 33. Bg2
Ba4 34. Bh3 Rc6 35. Bxe6 Rxe6 36. Rxe6 fxe6 37. Rxe6 Bxc2 38. Re7 a5 39. Re6
Rd1+ 40. Kg2 Kf7 41. Rxb6 a4 42. Rb4 Rd5 43. Rd4 Rb5 44. h4 Bf5 45. Rxa4 1-0

[Event "National Women's Championship 2014"]
[Site "Kingston"]
[Date "2014.05.03"]
[Round "8.1"]
[White "BARRETT, Ariel"]
[Black "MILLER, Rachel"]
[Result "1-0"]
[WhiteElo "1754"]
[BlackElo "1750"]
[PlyCount "187"]
[EventDate "2014.04.06"]
[EventRounds "10"]
[EventCountry "JAM"]

1. e4 e5 2. Nf3 Nc6 3. Bb5 a6 4. Ba4 Nf6 5. O-O b5 6. Bb3 Be7 7. Re1 O-O 8. c3
d6 9. d4 Bg4 10. Re3 Bxf3 11. Rxf3 Na5 12. Bc2 c5 13. b3 Qc7 14. Bb2 Rfc8 15.
dxe5 dxe5 16. Nd2 Rd8 17. Qe1 c4 18. Nf1 Rd7 19. Ne3 Rad8 20. Rd1 Rxd1 21. Nxd1
Qd7 22. Ne3 Nb7 23. bxc4 bxc4 24. Nxc4 Qb5 25. Bb3 a5 26. Na3 Qb6 27. Bc1 Bc5
28. Nc4 Qc7 29. Ne3 Bxe3 30. Rxe3 Nc5 31. Bc2 Qc6 32. f3 Qe6 33. a3 a4 34. Re2
Nb3 35. Bb2 h6 36. Qf2 Nd7 37. Re1 Ndc5 38. Qe2 Qb6 39. Kh1 Rd6 40. Rd1 Qd8 41.
Rxd6 Qxd6 42. h3 Qd2 43. Qxd2 Nxd2 44. Bc1 Nc4 45. Kg1 Nb3 46. Bd3 Nxc1 47.
Bxc4 Kf8 48. Kf2 Nb3 49. Ke3 Nc5 50. Bb5 Ke7 51. c4 Kd6 52. Kd2 Kc7 53. Kc3 Kb6
54. Kb4 Nd3+ 55. Kxa4 Ne1 56. Kb4 Nxg2 57. c5+ Kc7 58. Bc4 Ne1 59. Kb5 Nxf3 60.
Bxf7 Ng5 61. Bd5 Nxh3 62. a4 g5 63. a5 g4 64. a6 g3 65. a7 g2 66. a8=Q g1=Q 67.
Qc6+ Kd8 68. Qd6+ Ke8 69. Qe6+ Kd8 70. Kc6 Qg7 71. Qg8+ Qxg8 72. Bxg8 Ng5 73.
Bd5 Kc8 74. Kd6 h5 75. Kxe5 h4 76. Kf4 Nh7 77. Kg4 Nf8 78. Kxh4 Kc7 79. Kg5 Nd7
80. c6 Ne5 81. Kf5 Nd3 82. e5 Nb4 83. Bh1 Nd3 84. e6 Nc5 85. e7 Nd7 86. cxd7
Kxd7 87. Kf6 Kc7 88. e8=Q Kb6 89. Qc8 Kb5 90. Bd5 Kb6 91. Qc6+ Ka5 92. Qb7 Ka4
93. Qb6 Ka3 94. Qb3# 1-0

[Event "National Women's Championship 2014"]
[Site "Kingston"]
[Date "2014.05.03"]
[Round "8.2"]
[White "SMITH, Melisha"]
[Black "SMITH, Annesha"]
[Result "1-0"]
[WhiteElo "1750"]
[BlackElo "1797"]
[PlyCount "63"]
[EventDate "2014.04.06"]
[EventRounds "10"]
[EventCountry "JAM"]

1. c4 Nf6 2. Nc3 e6 3. Nf3 d5 4. d4 Bb4 5. e3 O-O 6. Qc2 c5 7. cxd5 Nxd5 8. Bd2
cxd4 9. Nxd5 Bxd2+ 10. Qxd2 Qxd5 11. Qxd4 Qxd4 12. Nxd4 Bd7 13. Be2 Nc6 14.
Nxc6 Bxc6 15. O-O Rfd8 16. Rfd1 Rd5 17. Bc4 Rc5 18. Rac1 b5 19. Bxe6 Rxc1 20.
Rxc1 fxe6 21. Rxc6 Kf7 22. Kf1 Kf6 23. Ke2 b4 24. f4 Kf5 25. Rc7 Kf6 26. g4 h6
27. h4 g5 28. hxg5+ Kg6 29. Re7 a5 30. e4 a4 31. Rb7 a3 32. Rxb4 1-0

[Event "National Women's Championship 2014"]
[Site "Kingston"]
[Date "2014.05.04"]
[Round "9.1"]
[White "SMITH, Annesha"]
[Black "BARRETT, Ariel"]
[Result "1-0"]
[WhiteElo "1797"]
[BlackElo "1754"]
[PlyCount "99"]
[EventDate "2014.04.06"]
[EventRounds "10"]
[EventCountry "JAM"]

1. Nf3 Nf6 2. d4 e6 3. Bf4 b6 4. e3 Bb7 5. Bd3 Be7 6. h3 c5 7. c3 cxd4 8. exd4
Nc6 9. O-O Rc8 10. Nbd2 O-O 11. Ne4 d6 12. Re1 h6 13. Qd2 Nxe4 14. Bxe4 f5 15.
Bxc6 Bxc6 16. Rxe6 Rf6 17. Rxf6 Bxf6 18. d5 Be8 19. Nd4 Qe7 20. Nxf5 Qd7 21.
Nxd6 Rd8 22. Nxe8 Rxe8 23. d6 Rd8 24. Re1 Qa4 25. Qe3 Kh8 26. a3 Qb5 27. Re2
Qc6 28. Qe4 Qb5 29. Qe6 Kh7 30. Rd2 Re8 31. c4 Qc6 32. Qf5+ Kh8 33. d7 Rd8 34.
Qd5 Qa4 35. Bc7 Rf8 36. d8=Q Bxd8 37. Bxd8 Qe8 38. Qd4 Qe1+ 39. Kh2 Re8 40. Bh4
Re4 41. Qd8+ Re8 42. Qd3 Qe5+ 43. Bg3 Qe7 44. Qc3 Qe6 45. Rd6 Qf7 46. Rc6 Re7
47. Rc8+ Re8 48. Rxe8+ Qxe8 49. Be5 Qf7 50. Bxg7+ 1-0

[Event "National Women's Championship 2014"]
[Site "Kingston"]
[Date "2014.05.04"]
[Round "9.2"]
[White "MILLER, Rachel"]
[Black "GRAY, Krishna"]
[Result "1-0"]
[WhiteElo "1750"]
[BlackElo "1717"]
[PlyCount "107"]
[EventDate "2014.04.06"]
[EventRounds "10"]
[EventCountry "JAM"]

1. e4 e6 2. d4 d5 3. exd5 exd5 4. Nf3 Nf6 5. h3 Bd6 6. c4 dxc4 7. Bxc4 Qe7+ 8.
Be2 O-O 9. O-O c6 10. Nc3 Rd8 11. Qc2 Nbd7 12. Bc4 Nb6 13. Re1 Qc7 14. Bb3 Nbd5
15. Nxd5 cxd5 16. Qxc7 Bxc7 17. Bg5 Be6 18. Bc2 Rac8 19. Bd3 Bd6 20. Bxf6 gxf6
21. Rac1 Kh8 22. Rxc8 Rxc8 23. Nh4 Bf4 24. g4 Rg8 25. Bf5 Re8 26. Kf1 Bg5 27.
Ng2 Kg8 28. f4 Bh6 29. b3 Bg7 30. Re2 h6 31. Ne1 Kf8 32. Bxe6 fxe6 33. f5 e5
34. dxe5 Rxe5 35. Nd3 Rxe2 36. Kxe2 Ke7 37. Nc5 b6 38. Ne6 Bh8 39. Kd3 Kd6 40.
Kd4 Kc6 41. Nf4 Bg7 42. Nxd5 Kd6 43. Nc3 Kc6 44. a4 Bf8 45. Ne4 Be7 46. Kc4 a6
47. h4 Kc7 48. b4 Kd8 49. b5 a5 50. Kd5 Kd7 51. g5 hxg5 52. hxg5 fxg5 53. f6
Bb4 54. Nxg5 1-0

[Event "National Women's Championship 2014"]
[Site "Kingston"]
[Date "2014.05.11"]
[Round "10.1"]
[White "GRAY, Krishna"]
[Black "SMITH, Annesha"]
[Result "0-1"]
[WhiteElo "1717"]
[BlackElo "1797"]
[PlyCount "99"]
[EventDate "2014.04.06"]
[EventRounds "10"]
[EventCountry "JAM"]

1. e4 c5 2. Nf3 Nc6 3. g3 Nf6 4. d3 g6 5. Bg2 Bg7 6. Nbd2 d6 7. O-O O-O 8. Re1
Bg4 9. h3 Bc8 10. c3 Nd7 11. Nf1 Qb6 12. Ne3 Nf6 13. Nc4 Qc7 14. Bf4 Nh5 15.
Bg5 h6 16. Bd2 b5 17. Ne3 Rb8 18. Qc1 Kh7 19. Nh2 Ne5 20. Qc2 Re8 21. h4 Nf6
22. Nf3 Nc6 23. a3 a5 24. Nd5 Qd8 25. Bf4 Nh5 26. Be3 e6 27. Nf4 Nxf4 28. Bxf4
b4 29. e5 d5 30. axb4 cxb4 31. c4 dxc4 32. dxc4 b3 33. Qc3 Qc7 34. Ra3 Bf8 35.
c5 Qa7 36. Rxb3 Bxc5 37. Re2 Ba6 38. Rc2 Bb4 39. Qe3 Qxe3 40. Bxe3 Bb5 41. Rc1
a4 42. Rxb4 Nxb4 43. Rc7 Kg7 44. Nd4 Bd3 45. Bh3 Nd5 46. Ra7 Ne7 47. Bxe6 fxe6
48. Nc6 Kf7 49. Bxh6 Rxb2 50. Bg5 0-1

[Event "National Women's Championship 2014"]
[Site "Kingston"]
[Date "2014.05.11"]
[Round "10.2"]
[White "BARRETT, Ariel"]
[Black "SMITH, Melisha"]
[Result "1-0"]
[WhiteElo "1754"]
[BlackElo "1750"]
[PlyCount "81"]
[EventDate "2014.04.06"]
[EventRounds "10"]
[EventCountry "JAM"]

1. e4 d5 2. exd5 Qxd5 3. Nf3 Bf5 4. Be2 e6 5. O-O h6 6. d4 Nf6 7. c4 Qa5 8. a3
c6 9. Nc3 Qc7 10. b4 Bd6 11. h3 O-O 12. Be3 Nbd7 13. Qb3 Ne4 14. Rfd1 Nxc3 15.
Qxc3 Nf6 16. Rac1 Rad8 17. Qb3 Qb8 18. Bd3 Bxd3 19. Qxd3 Rfe8 20. Kh1 e5 21.
Qf5 Nd7 22. Qg4 Kh8 23. Qh4 Be7 24. Qh5 exd4 25. Rxd4 Bf6 26. Rg4 Ne5 27. Nxe5
Rxe5 28. Qxf7 Re7 29. Qg6 Bb2 30. Bxh6 gxh6 31. Qxh6+ Rh7 32. Qe6 Re8 33. Qf5
Rf8 34. Qc2 Qe5 35. Rd1 Bxa3 36. f4 Qf6 37. c5 Rg7 38. Rd6 Qa1+ 39. Kh2 Rxg4
40. Rh6+ Kg7 41. Qh7# 1-0